Return of the native / (Record no. 347145)
[ view plain ]
| 000 -LEADER | |
|---|---|
| fixed length control field | 00860 a2200193 4500 |
| 020 ## - INTERNATIONAL STANDARD BOOK NUMBER | |
| International Standard Book Number | 1853262382 (paperback) |
| 020 ## - INTERNATIONAL STANDARD BOOK NUMBER | |
| International Standard Book Number | 9781853262388 (paperback) |
| 082 04 - DEWEY DECIMAL CLASSIFICATION NUMBER | |
| Classification number | 823.8 |
| 090 ## - LOCALLY ASSIGNED LC-TYPE CALL NUMBER (OCLC); LOCAL CALL NUMBER (RLIN) | |
| -- | 4712 |
| -- | 4712 |
| 100 1# - MAIN ENTRY--PERSONAL NAME | |
| Personal name | Hardy, Thomas. |
| 245 10 - TITLE STATEMENT | |
| Title | Return of the native / |
| Statement of responsibility, etc. | Thomas Hardy. |
| 260 ## - PUBLICATION, DISTRIBUTION, ETC. | |
| Place of publication, distribution, etc. | [S.l.] : |
| Name of publisher, distributor, etc. | Wordsworth Editions Ltd, |
| Date of publication, distribution, etc. | 1998. |
| 300 ## - PHYSICAL DESCRIPTION | |
| Extent | 400 p. ; |
| Dimensions | 20 cm. |
| 490 1# - SERIES STATEMENT | |
| Series statement | Wordsworth classics. |
| 520 ## - SUMMARY, ETC. | |
| Summary, etc. | The central figure of this novel is the returning "native", Clym Yeobright, and his love for the beautiful but capricious Eustacia Vye. As character after character is driven to self-destruction, the presence of Egdon Heath becomes all-embracing, while Clym becomes a preacher. |
| 830 #0 - SERIES ADDED ENTRY--UNIFORM TITLE | |
| Uniform title | Wordsworth classics. |
| 856 40 - ELECTRONIC LOCATION AND ACCESS | |
| Materials specified | Amazon.com |
| Uniform Resource Identifier | <a href="http://www.amazon.com/exec/obidos/ASIN/1853262382/chopaconline-20">http://www.amazon.com/exec/obidos/ASIN/1853262382/chopaconline-20</a> |
| 942 ## - ADDED ENTRY ELEMENTS (KOHA) | |
| Institution code [OBSOLETE] | NBS |
| Koha item type | Book |
| Call number prefix | 823.8 HAR |
| Withdrawn status | Lost status | Damaged status | Not for loan | Permanent Location | Current Location | Shelving location | Date acquired | Total Checkouts | Full call number | Barcode | Date last seen | Date last checked out | Price effective from | Koha item type | Source of classification or shelving scheme | Collection code |
|---|---|---|---|---|---|---|---|---|---|---|---|---|---|---|---|---|
| Central Library (CL) | Central Library (CL) | Children Section | 08/28/2013 | 2 | 823.8 HAR | NBS5593 | 11/25/2016 | 08/19/2016 | 08/28/2013 | Book | ||||||
| Central Library (CL) | Central Library (CL) | General Stacks | 08/08/2018 | 1 | 823.8 HAR 1998 | NBSD-3035 | 10/25/2021 | 07/14/2019 | 08/08/2018 | Book |
